Countries with the Highest HDI (2025) - Statistics

General Stats
  • This quiz has been taken 163 times
    69 since last reset
  • The average score is 18 of 20
Answer Stats
HDI Country % Correct
0.946 United Kingdom
100%
0.938 United States
100%
0.939 Canada
98%
0.948 Finland
98%
0.959 Germany
98%
0.972 Iceland
98%
0.970 Norway
98%
0.970 Switzerland
98%
0.959 Sweden
96%
0.958 Australia
94%
0.949 Ireland
94%
0.946 Singapore
94%
0.955 Netherlands
92%
0.962 Denmark
90%
0.951 Belgium
88%
0.938 New Zealand
88%
0.937 South Korea
86%
0.940 United Arab Emirates
86%
0.938 Liechtenstein
82%
0.931 Slovenia
57%
No matching quizzes found
Score Distribution
Percent of People with Each Score
Percentile by Number Answered
Your Score History
You have not taken this quiz since the last reset